Highest mountains Quiz Stats

 Plays Quiz not verified by Sporcle

Score 0/6 Timer 01:00
0 Plays Today
Country Mountain % Correct
India and PakistanK2
94.3%
China and NepalMt Everest
35.8%
China and NepalLhotse
34%
China and NepalMakalu
28.3%
China and NepalCho Oyu
26.4%
India and NepalKangchenjunga
24.5%

You're not logged in!

Compare scores with friends on all Sporcle quizzes.
OR
Log In

You Might Also Like...

Show Comments

Extras

Top Quizzes Today


Score Distribution

Your Account Isn't Verified!

In order to create a playlist on Sporcle, you need to verify the email address you used during registration. Go to your Sporcle Settings to finish the process.

Report this User

Report this user for behavior that violates our Community Guidelines.

Details: